Jurisdicción especial de menores / (Record no. 13312)

000 -CABECERA
fixed length control field 00854nam a22002057a 4500
003 - IDENTIFICADOR DEL NÚMERO DE CONTROL
control field AR-CdUCM
008 - DATOS DE LONGITUD FIJA--INFORMACIÓN GENERAL
fixed length control field 190411b ||||| |||| 00| 0 spa d
040 ## - FUENTE DE LA CATALOGACIÓN
Agencia/entidad que catalogó originalmente la obra MUNICIPALIDAD PROVINCIAL DEL CUSCO
Entidad que transcribió la catalogación BIBLIOTECA MUNICIPAL DEL CUSCO
082 ## - NÚMERO DE LA CLASIFICACIÓN DECIMAL DEWEY
No. de Clasificación C / 344.31 /
Notacion interna E93
100 ## - ENTRADA PRINCIPAL--NOMBRE DE PERSONA
Nombre Personal Estrada, Alcides F.
245 ## - MENCIÓN DE TÍTULO
Título Jurisdicción especial de menores /
260 ## - PUBLICACIÓN, DISTRIBUCIÓN, ETC.
Lugar de publicación, distribución, etc. Cuzco :
Nombre de la editorial, distribuidor, etc. H.G. Rozas,
Fecha de publicación, distribución, etc. 1951.
300 ## - DESCRIPCIÓN FÍSICA
Nº de Páginas Extensión 93 paginas ;
Otros detalles físicos Ilustraciones,
Dimensiones 21 cm.
505 ## - NOTA DE CONTENIDO CON FORMATO
Nota de contenido formateada Contenido : Jurisdicción especial de menores -- El derecho frente al niño y al joven -- Juzgado de suplencia y de menores movimiento judicial de 1947 -- Juzgado de menores, reglas del procedimiento...
650 ## - PUNTO DE ACCESO ADICIONAL DE MATERIA--TÉRMINO DE MATERIA
Descriptor Juzgado de menores
9 (RLIN) 31666
650 ## - PUNTO DE ACCESO ADICIONAL DE MATERIA--TÉRMINO DE MATERIA
Descriptor Investigación de menores
9 (RLIN) 31667
650 ## - PUNTO DE ACCESO ADICIONAL DE MATERIA--TÉRMINO DE MATERIA
Descriptor Juzgado de suplencia
9 (RLIN) 31668
942 ## - ELEMENTOS DE PUNTO DE ACCESO ADICIONAL (KOHA)
Fuente de clasificación
Tipo de item Libros-BMC
945 ## - PROCESAMIENTO DE INFORMACIÓN LOCAL (OCLC)
Catalogador wnts
AAAA-MM-DD - Fecha de ingreso o modificacion 2019-04-11
Holdings
Estado de retiro (separado) Fuente de clasificación o esquema de estanterías Estado dañado Ubicación Sala donde se ubica Nombre de la colección Fecha de adquisición o compra Costo, precio normal en soles Signatura topográfica Código de Barras Última vez visto (Koha) Tipo de ítem (Koha)
No     Sala Cusco Antiguo Sala Cusco Antiguo Book Cart 2019-04-11 45.00 C / 344.31 / E93 SCA0002620 2019-04-11 Libros-BMC
No     Sala Cusco Antiguo Sala Cusco Antiguo Book Cart 2019-04-11 45.00 C / 344.31 / E93 / e.2 SCA0002621 2019-04-11 Libros-BMC
No     Sala Cusco Antiguo Sala Cusco Antiguo Book Cart 2019-04-11 45.00 C / 344.31 / E93 / e.3 SCA0002622 2019-04-11 Libros-BMC
No     Sala Cusco Antiguo Sala Cusco Antiguo Book Cart 2019-04-11 45.00 C / 344.31 / E93 / e.4 SCA0002623 2019-04-11 Libros-BMC

Powered by Koha